Qui sont ces robots ? - Statistiques

Statistiques générales
  • Ce quiz a été pris 66 fois
  • Le résultat moyen est 8 sur 16
Statistiques - réponses
Par images Réponse % Correct
Wall-E
95%
R2-D2
89%
C-3PO
79%
Optimus Prime
77%
Bumblebee
76%
Goldorak
74%
Eve
68%
Ultron
65%
Le géant de fer
40%
Baymax
27%
T-800
21%
Chappie
19%
Eva-01
18%
Atom
8%
Gipsy Danger
3%
Sentinelle
0%
Aucun quiz correspondant
Distribution des résultats
% des personnes avec chaque résultat
Percentile par nombre de réponses
Votre historique - résultats
Vous n’avez pas pris ce quiz